01056nam a22002657a 45000010005000000030006000050050017000110080041000280200018000690400029000870500008001160820011001241000028001352450080001632500025002432600053002683000048003214900041003695050008004105200264004185210029006825210020007116500028007317000031007599689FISKH20260424132756.0260129b cb ||||| |||| 00| 0 eng d a9780462004839 aFISKHbengcFISKHdFISKH aPZ7 a599.75 aMichaels, Jade eAuthor aCrossing the river / cWritten by Jade Michaels ; illustrated by Heath Gray aFirst published 2008 aLondon : bMarshall Cavedish Education , c2008. a16 pages : bcolor illustrations ;c19 cm . aMy pals are here! Reading star :v7a aK  aCrossing the River follows young characters as they learn to navigate the challenge of crossing a river safely — using simple sentences and illustrations to help beginning readers understand the sequence of events and build confidence with basic vocabulary.8 a510 bLexile estimate 8 aK bRaz-Plus  aBaby goat vGoat family aGray, Heath eIllustrator